000 00927cam a22003013a 4500
001 16404443
003 OSt
005 20140310182716.0
008 861024s1984 xx c j 000 0 eng d
010 _a 98818580
035 _a(OCoLC)ocm14514901
040 _aIVC
_cIVC
_dDLC
050 0 0 _aGV 331
_b.R431 1984
082 _aM 796.3322
_bR31 1984
100 1 _aResciniti, Angelo G.
245 1 0 _aDynamite defenses /
_cResciniti, Angelo G.
260 _a[S.l.] :
_bWillowisp Press,
_cc1984.
300 _a160 p. :
_bill. ;
_c18 cm.
521 _acollege students
526 _c1210L to 1700L
541 _j1
562 _efor circulation. 1 copy available in the collection
650 0 _aFootball
_xDefense
_xHistory.
655 7 _aSports stories.
_2lcsh
710 2 _aCopyright Paperback Collection (Library of Congress)
_5DLC
906 _a7
_bcbc
_ccopycat
_d2
_encip
_f19
_gy-genrareb
942 _2lcc
_cBK
_kM
999 _c15284
_d15284